Statistics for Leeds United Squad 2020-2021

Click here to take the quiz!

General Stats

  • This quiz has been taken 135 times
  • The average score is 15 of 26

Answer Stats

#PositionNationPlayer% Correct
9FWEnglandPatrick Bamford
89%
1GKFranceIllan Meslier
85%
-CoachArgentinaMarcelo Bielsa
83%
18FWBrazilRaphinha
80%
23MFEnglandKalvin Phillips
79%
5DFGermanyRobin Koch
77%
15DFNorthern IrelandStuart Dallas
76%
10MFNorth MacedoniaEzgjan Alioski
72%
20FWSpainRodrigo Moreno
71%
2DFEnglandLuke Ayling
70%
22FWEnglandJack Harrison
69%
43MFPolandMateusz Klich
67%
11FWWalesTyler Roberts
63%
14DFSpainDiego Llorente
61%
6DFScotlandLiam Cooper
60%
13GKSpainKiko Casilla
56%
17FWPortugalHélder Costa
54%
19MFSpainPablo Hernández
42%
21DFNetherlandsPascal Struijk
41%
4MFEnglandAdam Forshaw
34%
46MFEnglandJamie Shackleton
30%
30FWEnglandJoe Gelhardt
29%
7FWEnglandIan Poveda
24%
28DFSwitzerlandGaetano Berardi
21%
25GKItalyElia Caprile
13%
24DFEnglandLeif Davis
11%

Score Distribution

Percentile by Number Answered

Percent of People with Each Score

Your Score History

You have not taken this quiz